Business Communication (Record no. 84848)

MARC details
000 -LEADER
fixed length control field 00571nam a2200205Ia 4500
008 - FIXED-LENGTH DATA ELEMENTS--GENERAL INFORMATION
fixed length control field 230125s9999 xx 000 0 und d
020 ## - INTERNATIONAL STANDARD BOOK NUMBER
International Standard Book Number 93-5134-006-6
041 ## - LANGUAGE CODE
Language code of text/sound track or separate title eng
082 ## - DEWEY DECIMAL CLASSIFICATION NUMBER
Classification number 658.45
Item number LES/FLA
100 ## - MAIN ENTRY--PERSONAL NAME
Personal name Lesikar R V
9 (RLIN) 108027
245 ## - TITLE STATEMENT
Title Business Communication
Remainder of title Making Connections in a Digital World
250 ## - EDITION STATEMENT
Edition statement 1st Ed.
260 ## - PUBLICATION, DISTRIBUTION, ETC. (IMPRINT)
Date of publication, distribution, etc. 2013
Name of publisher, distributor, etc. Tata McGraw Hill
Place of publication, distribution, etc. New Delhi
300 ## - PHYSICAL DESCRIPTION
Extent 737p
500 ## - GENERAL NOTE
Keywords Business Communication
650 ## - SUBJECT ADDED ENTRY--TOPICAL TERM
Topical term or geographic name as entry element Communication
700 ## - ADDED ENTRY--PERSONAL NAME
Personal name Lesikar R V & Flatley M E
9 (RLIN) 108028
906 ## - LOCAL DATA ELEMENT F, LDF (RLIN)
b 130
Holdings
Withdrawn status Lost status Damaged status Not for loan Home library Current library Date acquired Vendor Cost, normal purchase price Bill number Total Checkouts Full call number Barcode Date last seen Cost, replacement price Bill Date Koha item type Original Barcode Source of classification or shelving scheme Shelving location
        Smt. Hiraben Nanavati Institute of Management & Research for Women Smt. Hiraben Nanavati Institute of Management & Research for Women 24/03/2014 Pritam Book Centre 650.00 8916   658.45 LES/FLA B12626 HIMR-BK-12626 25/01/2023 520.00 24/03/2014 Books B12626    
        Smt. Hiraben Nanavati Institute of Management & Research for Women Smt. Hiraben Nanavati Institute of Management & Research for Women 07/09/2009 Forward Books 465.00 2902   658.45 LES/FLA B07471 HIMR-BK-7471 25/01/2023 363.00 27/08/2009 Books B07471    
        Smt. Hiraben Nanavati Institute of Management & Research for Women Smt. Hiraben Nanavati Institute of Management & Research for Women 07/09/2009 Forward Books 465.00 2902   658.45 LES/FLA B07472 HIMR-BK-7472 25/01/2023 363.00 27/08/2009 Books B07472    
      Reference Smt. Hiraben Nanavati Institute of Management & Research for Women Smt. Hiraben Nanavati Institute of Management & Research for Women 07/09/2009 Forward Books 465.00 2902   658.45 LES/FLA B07473 HIMR-BK-7473 25/01/2023 363.00 27/08/2009 Books B07473 Dewey Decimal Classification General Stacks